| 000 -LEADER |
| fixed length control field |
00352nam a22000977a 4500 |
| 008 - FIXED-LENGTH DATA ELEMENTS--GENERAL INFORMATION |
| fixed length control field |
180625b ||||| |||| 00| 0 eng d |
| 100 ## - MAIN ENTRY--AUTHOR'S NAME |
| Author's Name |
Satfield, Garret |
| 245 ## - TITLE STATEMENT |
| Title |
Canadian secret mark stamps, 1935-1966 |
| 260 ## - PUBLICATION, DISTRIBUTION, ETC. (IMPRINT) |
| Place of publication, distribution, etc. |
La Habra, Ca |
| Name of publisher, distributor, etc. |
author |
| Date of publication, distribution, etc. |
1965 |
| 650 ## - TOPICAL TERM (Tag) |
| Topical term or geographic name |
Canada | Plate Markings | Production | Engraving | 1935-1966 | 20th Century | British Commonwealth |